000 00662nam a22002177a 4500
999 _c10837
_d10837
003 AR-CdUCM
008 190402b ||||| |||| 00| 0 spa d
040 _aMUNICIPALIDAD PROVINCIAL DEL CUSCO
_cBIBLIOTECA MUNICIPAL DEL CUSCO
082 _a869.56 /
_bR36I / 1961
100 _aReinoso, Oswaldo
_927880
245 _aLos Inocentes :
_bRelatos de collera /
260 _aLima :
_bMinerva,
_c1961.
300 _a77 páginas ;
_c17 cm.
440 _aEdiciones de la Rama Florida.
_927881
500 _aDedicatoria a Luis Nieto.
650 _aLiteratura
_983
650 _aCuentos Peruanos
_933
650 _aSiglo XX
_98
942 _2ddc
_cLIBROS
945 _aachl